| 000 | 00633nam a2200217Ia 4500 | ||
|---|---|---|---|
| 003 | GCL | ||
| 008 | 140319s9999 xx 000 0 ara d | ||
| 040 |
_aGCL / _cGCL |
||
| 082 | 0 | 4 |
_a001.553 _bم ت |
| 100 | 1 | _aمحسن محمد | |
| 245 | 1 | 0 |
_aالتليفزيون / _cمحسن محمد |
| 260 |
_a[S.N] : _bالمكتب المصرى الحديث ، _c1973 |
||
| 300 | _a370 ص | ||
| 490 | _a | ||
| 650 | 0 | 4 | _aالتليفزيون |
| 650 | 0 | 4 | _aالاعلام |
| 650 | 0 | 4 | _aوسائل الاعلام |
| 650 | 0 | 4 | _aالاعلان بالتلفزيون |
| 650 | 0 | 4 | _aالدعاية التليفزيونية |
| 942 |
_2ddc _cBK |
||
| 999 |
_c35021 _d35021 |
||